Fisheries and the Law in Europe : Regulation after Brexit.

Bibliographic Details
Main Author: Echebarria Fernández, Jonatan.
Other Authors: Johansson, Tafsir Matin., Skinner, Jon A., Lennan, Mitchell.
Format: eBook
Language:English
Published: Milton : Taylor & Francis Group, 2022.
Edition:1st ed.
Series:Legal Perspectives on Brexit Series
Subjects:
Online Access:Click to View
LEADER 01661nam a22004093i 4500
001 EBC7245603
003 MiAaPQ
005 20231204023229.0
006 m o d |
007 cr cnu||||||||
008 231204s2022 xx o ||||0 eng d
020 |a 9781000564273  |q (electronic bk.) 
020 |z 9781032168234 
035 |a (MiAaPQ)EBC7245603 
035 |a (Au-PeEL)EBL7245603 
035 |a (OCoLC)1378932936 
040 |a MiAaPQ  |b eng  |e rda  |e pn  |c MiAaPQ  |d MiAaPQ 
100 1 |a Echebarria Fernández, Jonatan. 
245 1 0 |a Fisheries and the Law in Europe :  |b Regulation after Brexit. 
250 |a 1st ed. 
264 1 |a Milton :  |b Taylor & Francis Group,  |c 2022. 
264 4 |c {copy}2022. 
300 |a 1 online resource (171 pages) 
336 |a text  |b txt  |2 rdacontent 
337 |a computer  |b c  |2 rdamedia 
338 |a online resource  |b cr  |2 rdacarrier 
490 1 |a Legal Perspectives on Brexit Series 
588 |a Description based on publisher supplied metadata and other sources. 
590 |a Electronic reproduction. Ann Arbor, Michigan : ProQuest Ebook Central, 2023. Available via World Wide Web. Access may be limited to ProQuest Ebook Central affiliated libraries.  
655 4 |a Electronic books. 
700 1 |a Johansson, Tafsir Matin. 
700 1 |a Skinner, Jon A. 
700 1 |a Lennan, Mitchell. 
776 0 8 |i Print version:  |a Echebarria Fernández, Jonatan  |t Fisheries and the Law in Europe  |d Milton : Taylor & Francis Group,c2022  |z 9781032168234 
797 2 |a ProQuest (Firm) 
830 0 |a Legal Perspectives on Brexit Series 
856 4 0 |u https://ebookcentral.proquest.com/lib/matrademy/detail.action?docID=7245603  |z Click to View